The changing legal world of adolescence /

Bibliographic Details
Main Author: Zimring, Franklin E.
Format: Book
Language:English
Published: New York : London : Free Press ; Collier Macmillan, [1982]
Subjects:

MARC

Tag First Indicator Second Indicator Subfields
LEADER 00000pam a2200000 a 4500
001 in00000088105
005 20151008065020.0
008 810928s1982 nyua b 00110 eng
010 |a  81068475  
020 |a 0029359600 
035 |a (OCoLC)07875439 
035 |9 AAK5206AM 
039 0 |a 2  |b 3  |c 3  |d 3  |e 3 
040 |a DLC  |c DLC  |d TXA  |d UtOrBLW 
043 |a n-us--- 
049 |a TXAM  |c [1196648] 
050 0 0 |a KF479  |b .Z55 1982 
082 0 |a 346.7301/35  |a 347.306135  |2 19 
100 1 |a Zimring, Franklin E. 
245 1 4 |a The changing legal world of adolescence /  |c Franklin E. Zimring. 
264 1 |a New York :  |b Free Press ;  |a London :  |b Collier Macmillan,  |c [1982] 
264 4 |c ©1982 
300 |a xvi, 208 pages :  |b illustrations ;  |c 22 cm. 
336 |a text  |b txt  |2 rdacontent 
337 |a unmediated  |b n  |2 rdamedia 
338 |a volume  |b nc  |2 rdacarrier 
504 |a Includes bibliographical references and index. 
650 0 |a Youth  |x Legal status, laws, etc.  |z United States. 
999 |a MARS 
999 f f |s a7476837-49b2-345c-8594-9b79848d2f23  |i dbd12fe3-3989-3076-b7db-dc42908d9047  |t 0 
952 f f |p ric  |a Texas A&M University  |b Rellis Campus  |c Joint Library Facility  |d Remote Storage  |t 0  |e KF479 .Z55 1982  |h Library of Congress classification  |i unmediated -- volume  |m A14806154985 
998 f f |a KF479 .Z55 1982  |t 0  |l Remote Storage